书目信息 |
| 题名: |
城市住区绿色评估体系的应用与优化
|
|
| 作者: | 王静 著 | |
| 分册: | ||
| 出版信息: | 北京 中国建筑工业出版社 2010.08 |
|
| 页数: | 141页 | |
| 开本: | 26cm | |
| 丛书名: | ||
| 单 册: | ||
| 中图分类: | X821 | |
| 科图分类: | ||
| 主题词: | 居住环境--ju zhu huan jing--环境质量--评价 | |
| 电子资源: | ||
| ISBN: | 978-7-112-12450-3 | |
| 000 | 01205nam0 2200241 450 | |
| 001 | B00000092627 | |
| 005 | 20191031125225.37 | |
| 010 | @a978-7-112-12450-3@dCNY35.00 | |
| 100 | @a20101208d2010 km y0chiy50 ea | |
| 101 | 0 | @achi |
| 102 | @aCN@b110000 | |
| 105 | @aak a 000yy | |
| 200 | 1 | @a城市住区绿色评估体系的应用与优化@Acheng shi zhu qu lu se ping gu ti ji de ying yong yu you hua@f王静著 |
| 210 | @a北京@c中国建筑工业出版社@d2010.08 | |
| 215 | @a141页@c图@d26cm | |
| 320 | @a有书目 (第137-140页) | |
| 330 | @a本书主要内容包括三大部分:第一部分,介绍国内外建筑绿色评估体系的发展与实践情况,重点比较国内外典型住宅绿色评估体系的指导作用,分析我国现有住宅绿色评估体系指导作用偏弱的原因;第二部分,采用我国现有的典型住宅绿色评估体系对城市新建住区进行模拟评估,总结应用过程中指导作用的不足之处,利用管理学原理对住宅绿色评估体系的标准进行筛选;第三部分,从我国城市主要的环境问题出发,应用灰色判定的方法对优化标准进行序化,以“自下而上”的角度建立概念模型,最终设计一套城市住区设计阶段的绿色评估方法框架。 | |
| 333 | @a相关研究人员 | |
| 606 | 0 | @a居住环境@Aju zhu huan jing@x环境质量@x评价 |
| 690 | @aX821@v5 | |
| 701 | 0 | @a王静@Awang jing@4著 |
| 801 | 0 | @aCN@c20110610 |
| 905 | @dX821@eW232@f3 | |
| 城市住区绿色评估体系的应用与优化/王静著.-北京:中国建筑工业出版社,2010.08 |
| 141页:图;26cm |
| 使用对象:相关研究人员 |
| ISBN 978-7-112-12450-3:CNY35.00 |
| 本书主要内容包括三大部分:第一部分,介绍国内外建筑绿色评估体系的发展与实践情况,重点比较国内外典型住宅绿色评估体系的指导作用,分析我国现有住宅绿色评估体系指导作用偏弱的原因;第二部分,采用我国现有的典型住宅绿色评估体系对城市新建住区进行模拟评估,总结应用过程中指导作用的不足之处,利用管理学原理对住宅绿色评估体系的标准进行筛选;第三部分,从我国城市主要的环境问题出发,应用灰色判定的方法对优化标准进行序化,以“自下而上”的角度建立概念模型,最终设计一套城市住区设计阶段的绿色评估方法框架。 |
| ● |
| 相关链接 |
|
|
|
正题名:城市住区绿色评估体系的应用与优化
索取号:X821/W232
 
预约/预借
| 序号 | 登录号 | 条形码 | 馆藏地/架位号 | 状态 | 备注 |
| 1 | 1449042 | 214490424 | 自科库501/501自科库 113排2列6层/ [索取号:X821/W232] | 在馆 | |
| 2 | 1449044 | 214490442 | 自科二线504/504自科库 11排4列1层/ [索取号:X821/W232] | 在馆 | |
| 3 | 1449045 | 214490451 | 自科库501/501自科库 113排2列6层/ [索取号:X821/W232] | 在馆 | |
| 4 | 1449046 | 214490460 | 自科二线504/504自科库 11排4列1层/ [索取号:X821/W232] | 在馆 | |
| 5 | 1449047 | 214490479 | 自科二线504/504自科库 11排4列1层/ [索取号:X821/W232] | 在馆 | |
| 6 | 883043 | 208830434 | 自科二线504/504自科库 11排4列1层/ [索取号:X821/W232] | 在馆 | |
| 7 | 883044 | 208830443 | 自科库501/501自科库 113排2列6层/ [索取号:X821/W232] | 在馆 | |
| 8 | 883045 | 208830452 | 自科库501/501自科库 113排2列6层/ [索取号:X821/W232] | 在馆 |